000 00297nam a2200133Ia 4500
100 _aBuguslavsky.
942 _cBK
654 _aAutomatic lathes.
245 _aAutomatic & semi-Automatic lathes.
260 _bPeace publishers.
_c2001
082 _a621.942
300 _a454
546 _aENGLISH
999 _c27744
_d27744